Statistiques concernant meilleur buteur psg

Cliquez ici pour prendre le quiz!

Statistiques générales

  • Ce quiz a été pris 360 fois
  • Le résultat moyen est 7 sur 15

Statistiques - réponses

HintRéponse% Correct
171Mbappe
100%
200Cavani
98%
156Ibrahimovic
91%
100Neymar
91%
92Di Maria
80%
109Pauleta
75%
72Rai
41%
55Weah
35%
56Hoarau
28%
48Nene
25%
85Susic
22%
98Dahleb
20%
46Moura
16%
95M'Pele
9%
71bianchi
8%

Distribution des résultats

Percentile par nombre de réponses

% des personnes avec chaque résultat

Votre développement - résultats

Vous n’avez pas pris ce quiz